Riga: Pilsetas Attistiba 1997-2001 = (Titelsatznr. 80315)
[ MARC ]
| 000 -Satzkennung | |
|---|---|
| Kontrollfeld mit fester Länge | 00529nam a22001697a 4500 |
| 008 - Feld mit fester Länge zur physischen Beschreibung - Allgemeine Angaben | |
| Kontrollfeld mit fester Länge | 201208b ||||| |||| 00| 0 eng d |
| 020 ## - Internationale Standardbuchnummer | |
| Internationale Standardbuchnummer | 9984-592-93-6 |
| 040 ## - Katalogisierungsquelle | |
| Bearbeitungsstelle | StAFF |
| 041 ## - Sprachcode | |
| Sprachcode des Textes/der Tonspur oder des separaten Titels | eng |
| 041 ## - Sprachcode | |
| Sprachcode des Textes/der Tonspur oder des separaten Titels | lett |
| 245 ## - Titel | |
| Titel | Riga: Pilsetas Attistiba 1997-2001 = |
| Zusatz zum Titel | Riga: City Development 1997-2001/ |
| Verfasserangabe etc. | Aivars Lekuzis |
| 260 ## - Publikation, Vertrieb usw. (Erscheinungsvermerk) | |
| Erscheinungsort, Vertriebsort etc. | Riga, |
| Date of publication, distribution, etc | 2001 |
| 300 ## - Physische Beschreibung | |
| Umfang | 239 Seiten |
| Andere physische Details | überw. Ill. - Text lett. - engl. |
| 500 ## - Allgemeine Fußnote | |
| Allgemeine Fußnote | Bildband |
| 942 ## - Zusätzliche Felder (Koha) | |
| Klassifikation oder Aufstellungssystematik | Andere/Generische Klassifikation |
| Koha-Medientyp | Bücher |
| Ausgeschieden | Verloren | Klassifikation oder Aufstellungssystematik | Beschädigt | Nicht entleihbar | Permanenter Standort | Aktueller Standort | Aufstellungsort | Erwerbungsdatum | Kodierter Standort-Qualifier | Anzahl Ausleihen | Signatur | Letzte Aktivität | Exemplarnummer | Preis gültig von | Medientyp | Allgemeine Bemerkungen |
|---|---|---|---|---|---|---|---|---|---|---|---|---|---|---|---|---|
| Andere/Generische Klassifikation | Stadtarchiv Frankfurt (Oder) | Archivbibliothek | Stadtarchiv Frankfurt (Oder) | Archivbibliothek | Magazin | 08/12/2020 | M | IV: 1534 | 08/12/2020 | 186/2020 | 08/12/2020 | Bücher | Sprachen: Englisch, Lettisch |